Welcome to CU Library Online Public Access Catalogue (OPAC)

Introduction to Business Economics (Record no. 886)

MARC details
000 -LEADER
fixed length control field 00447nam a22001577a 4500
005 - DATE AND TIME OF LATEST TRANSACTION
control field 20241108134928.0
008 - FIXED-LENGTH DATA ELEMENTS--GENERAL INFORMATION
fixed length control field 241108b |||||||| |||| 00| 0 eng d
020 ## - INTERNATIONAL STANDARD BOOK NUMBER
International Standard Book Number 8182810884
050 ## - LIBRARY OF CONGRESS CALL NUMBER
Classification number HD30.22 GIR
100 ## - MAIN ENTRY--PERSONAL NAME
Personal name Girija M.
245 ## - TITLE STATEMENT
Title Introduction to Business Economics
Statement of responsibility, etc. M. Girija
260 ## - PUBLICATION, DISTRIBUTION, ETC.
Place of publication, distribution, etc. Delhi
Name of publisher, distributor, etc. Vrinda Publication (P) Ltd.
Date of publication, distribution, etc. 2007
300 ## - PHYSICAL DESCRIPTION
Extent xxiv. 353p.;
Other physical details ill.
Dimensions 21.5 cm x 14 cm
650 ## - SUBJECT ADDED ENTRY--TOPICAL TERM
Source of heading or term Business Economics
942 ## - ADDED ENTRY ELEMENTS (KOHA)
Source of classification or shelving scheme Library of Congress Classification
Koha item type Books
Suppress in OPAC No
999 ## -
-- 886
-- 886
Holdings
Withdrawn status Lost status Source of classification or shelving scheme Damaged status Not for loan Collection Home library Current library Shelving location Date acquired Total checkouts Full call number Barcode Date last seen Copy number Price effective from Koha item type
    Library of Congress Classification     Non-fiction Business Library (Miotso) Business Library (Miotso) General stacks 11/08/2024   HD30.22 GIR BSSM00000206 11/08/2024 1 11/08/2024 Books
© 2023-2024 Copyright: Central University Libraries. All Rights Reserved | Created by: Mahone Tech Office